highest grossing creature features - Statistics

General Stats
  • This quiz has been taken 13 times
  • The average score is 10 of 15
Answer Stats
year starring gross film % Correct
1993 Laura Dern $860 million Jurassic Park
92%
2015 Chris Pratt $719 million Jurassic World
92%
1979 Sigourney Weaver $298 million Alien
85%
1997 Jeff Goldblum $467 million The Lost World: Jurassic Park
85%
2018 Bryce Dallas Howard $430 million Jurassic World: Fallen Kingdom
77%
1999 Rachel Weisz $286 million The Mummy
77%
1975 Richard Dreyfuss $1.2 billion Jaws
69%
2001 Sam Neill $299 million Jurassic Park III
69%
2005 Naomi Watts $316 million King Kong
69%
1978 Roy Scheider $325 million Jaws 2
62%
2007 Will Smith $344 million I Am Legend
54%
2002 Mel Gibson $367 million Signs
46%
2001 Brendon Fraser $334 million The Mummy Returns
46%
1974 Gene Wilder $427 million Young Frankenstein
31%
1984 Phoebe Cates $426 million Gremlins
23%
No matching quizzes found
Score Distribution
Percent of People with Each Score
Percentile by Number Answered
Your Score History
You have not taken this quiz